Nuôi gà và phòng chữa bệnh cho gà ở gia đình

Sách cung cấp các kiến thức về những đặc tính cơ bản của từng giống gà nội, ngoại nhập, nhu cầu dinh dưàng, tiêu chuẩn chuồng trại cũng như ký thuật chăm sóc nuôi dưàng từng loại gà, vệ sinh và cách phòng trị các bệnh thường gặp của...

全面介绍

Đã lưu trong:
书目详细资料
主要作者: Lê Hồng Mận
格式: 图书
语言:Undetermined
出版: Thanh Hóa Nxb. Thanh Hóa 1999
主题:
标签: 添加标签
没有标签, 成为第一个标记此记录!
Thư viện lưu trữ: Trung tâm Học liệu Trường Đại học Cần Thơ
LEADER 00900nam a2200181Ia 4500
001 CTU_43422
008 210402s9999 xx 000 0 und d
082 |a 636.5 
082 |b M121/2001 
100 |a Lê Hồng Mận 
245 0 |a Nuôi gà và phòng chữa bệnh cho gà ở gia đình 
245 0 |c Lê Hồng Mận 
260 |a Thanh Hóa 
260 |b Nxb. Thanh Hóa 
260 |c 1999 
520 |a Sách cung cấp các kiến thức về những đặc tính cơ bản của từng giống gà nội, ngoại nhập, nhu cầu dinh dưàng, tiêu chuẩn chuồng trại cũng như ký thuật chăm sóc nuôi dưàng từng loại gà, vệ sinh và cách phòng trị các bệnh thường gặp của gà 
650 |a poultry - breeding 
980 |a Trung tâm Học liệu Trường Đại học Cần Thơ